000 00794nam a2200217 a 4500
001 000007227
005 20200929154113.0
008 090907s2006 dr a 000 0 spa d
020 _a9945856901
040 _aDO-SdBNP
_bspa
_cBNPHU
082 _a616.079
_bF676d
100 1 _aFonseca, Alejandro,
_d1973-
_920048
245 1 0 _aDiagnóstico y terapéutica inmunológicos en el contexto de la consulta de medicina general /
_cAlejandro Fonseca.
260 _aSanto Domingo :
_bCOSALUD,
_c2006.
300 _a180 p. :
_bil. ;
_c22 cm.
500 _aIncluye datos biográficos del autor en la contracubierta.
504 _aBibliografía : p. 179-180
650 4 _aSistema inmune
_920049
650 4 _aInmunología
_920050
650 4 _aEnfermedades inmunológicas
_xDiagnóstico y tratamiento.
_920051
999 _c7008
_d7008